00822nam a22002417a 450000500170000001000130001702000230003003500130005303700160006604000120008208200180009410000320011224500680014426000450021227000460025730000230030350000200032665000300034665000310037694200260040799900190043395201280045220170124110203.0 aB-063234 a8120318161c325.00 aB-063234 bCen Lib/Ret aDPLbEN a005.754bDES  aDesign, Howie Green 936642 aFlash 5 Fast and Easy Web Development /cby Howie Green Design  aNew DelhibPrentice Hall of India c2001 aM-97, Connaught circusbNew Delhie110007 axx,330p.c22cm(Hb) aIncludes index  aComputer Graphics9101660 aWeb Sites -- Design936894 2ddccENh005.754mDES c133047d133047 00104070aLbLd2015-07-24eCen Lib/Retg325.00l0o005.754 DESpB-063234r2015-07-24 00:00:00t1v325.00w2015-07-24yEN